| 000 | 00611cam a2200205u 4500 | ||
|---|---|---|---|
| 001 | 85473 | ||
| 003 | BD-RjUL | ||
| 005 | 20250809104203.0 | ||
| 008 | 830630s1930 pauf 000 0 eng | ||
| 035 | _aBD-RjUL)85473 | ||
| 040 |
_aDLC _cCarP _dDLC _beng |
||
| 041 | _aeng | ||
| 082 |
_223 _a843 _bDUT 1930 |
||
| 100 | 1 |
_aDumas, Alexandre, _d1802-1870. _916516 |
|
| 245 | 1 | 4 |
_aThe three musketeers / _cAlexandere Dumas |
| 260 |
_aLondon : _bGeorge Routledge , _c1930 |
||
| 300 |
_a492 p.; _bcol. front., col. plates. _c20 cm. |
||
| 651 | 0 |
_aFrance _xHistory _yLouis XIII, 1610-1643 _xFiction. _916517 |
|
| 942 |
_2ddc _cBK |
||
| 999 |
_c85473 _d85473 |
||